000
00299nam a22001217a 4500
020
_a
9780470169872
082
_a
551.48
_b
MAY/GR
100
_a
Mays,Larry W.
_9
894
245
_a
Ground and Surface water Hydrology
260
_a
Hoboken
_b
John Wiley and Sons, Inc.
_c
2012
300
_a
617
942
_c
REF
999
_c
14514
_d
14514